000 00585nam a22001937i 4500
999 _c23577
_d23577
003 AR-CdUCM
008 260401b20232023 pe||||| |||| 00| 0 spa d
020 _a978-612-49011-5-7
040 _aMUNICIPALIDAD PROVINCIAL DEL CUSCO
_cBIBLIOTECA MUNICIPAL DEL CUSCO
041 _hspa
082 _22°reimpresion
_aPI / 863
_bN94
100 _aNuñez Borja, Mónica
_952432
245 _a¿Y donde estoy?
260 _aSurquillo Lima-Perú:
_bEditorial Eclatse
_c2023
300 _a11 páginas. :
_c21x21 cm.
505 _aDonde Estoy
942 _2ddc
_cLIBROS
945 _apbjr
_d01-04-2026